डॉ. प्रभाकर शास्त्रीः व्यक्तित्व एवं कृत्तिव / (Record no. 47390)

MARC details
000 -LEADER
fixed length control field 01233nam a22002657a 4500
005 - DATE AND TIME OF LATEST TRANSACTION
control field 2010091802302.0
008 - FIXED-LENGTH DATA ELEMENTS--GENERAL INFORMATION
fixed length control field 100915t xxu||||| |||| 00| 0 hin d
010 ## - LCCN (DPL NO)
LC control number HIN-90531
020 ## - INTERNATIONAL STANDARD BOOK NUMBER
Terms of availability 350.00
International Standard Book Number 9788188741236
035 ## - SYSTEM CONTROL NUMBER
System control number HN-62877
037 ## - SOURCE OF ACQUISITION
Source of stock number/acquisition DBAD / PUB
040 ## - CATALOGING SOURCE
Original cataloging agency DPL
Language of cataloging HN
082 ## - DEWEY DECIMAL CLASSIFICATION NUMBER
Classification number 921
100 ## - MAIN ENTRY--PERSONAL NAME
9 (RLIN) 20178
Personal name शर्मा, अनिता
245 ## - TITLE STATEMENT
Title डॉ. प्रभाकर शास्त्रीः व्यक्तित्व एवं कृत्तिव /
Statement of responsibility, etc अनिता शर्मा
260 ## - PUBLICATION, DISTRIBUTION, ETC. (IMPRINT)
Place of publication, distribution, etc जयपुर
Name of publisher, distributor, etc राष्ट्रीय संस्कृत साहित्य केन्द्र
Date of publication, distribution, etc 2008
270 ## - ADDRESS
Address 222, सरस्वती सदन, बिहारी जी की गली, सौखियों का रास्ता, किशनपोल बाजार
City जयपुर
Postal code 302001
300 ## - PHYSICAL DESCRIPTION
Extent 224पृ.
Dimensions 22सेमी (सजिल्द)
650 ## - SUBJECT ADDED ENTRY--TOPICAL TERM
9 (RLIN) 1159
700 ## - ADDED ENTRY--PERSONAL NAME
9 (RLIN) 20179
700 ## - ADDED ENTRY--PERSONAL NAME
9 (RLIN) 20333
700 ## - ADDED ENTRY--PERSONAL NAME
9 (RLIN) 20540
942 ## - ADDED ENTRY ELEMENTS (KOHA)
Source of classification or shelving scheme Dewey Decimal Classification
Item type Hindi Books
Call number suffix शर्माअ
Holdings
Withdrawn status Lost status Source of classification or shelving scheme Damaged status Not for loan Collection code Home library Current library Date acquired Source of acquisition Cost, normal purchase price Total Checkouts Full call number Barcode Date last seen Copy number Cost, replacement price Koha item type
    Dewey Decimal Classification   Not For Loan Non-fiction D.B.Act.Division D.B.Act.Division 22/09/2010 DBAD/PUB 350.00   921शर्माअ HN-62877 22/09/2010 1 350.00 Hindi Books

© Delhi Public Library
Hit Counter
free hit counter